LEGO Marvel Super Heroes Characters - Statistics

General Stats
  • This quiz has been taken 3,891 times
    3,454 since last reset
  • The average score is 54 of 148
Answer Stats
Answer % Correct
Iron Man
97%
Hulk
90%
Spider-Man
88%
Captain America
87%
Thor
83%
Black Widow
81%
Hawkeye
77%
Hawkeye (Classic Suit)
77%
Loki
74%
Wolverine
74%
Mister Fantastic
69%
Human Torch
67%
Thing
67%
Venom
67%
Magneto
66%
Cyclops
64%
Deadpool
64%
Black Panther
62%
Invisible Woman
62%
Jean Grey
62%
Nick Fury
62%
Star-Lord
62%
Ant-Man
61%
Green Goblin
61%
Green Goblin (Ultimate)
61%
Groot
61%
Gamora
60%
Professor X
57%
Red Hulk
57%
Abomination
56%
Doctor Octopus
56%
Drax
56%
Thanos
55%
Iceman
54%
Sandman
54%
Beast
53%
Daredevil
53%
Doctor Doom
53%
Galactus
53%
Storm
53%
Carnage
52%
Doctor Strange
51%
War Machine
51%
Silver Surfer
50%
Wasp
50%
Red Skull
49%
Electro
46%
Mystique
46%
Odin
46%
Rocket Raccoon
44%
Stan Lee
44%
Falcon
43%
She-Hulk
43%
Iron Fist
42%
Maria Hill
42%
Ghost Rider
41%
Winter Soldier
41%
Lizard
40%
Colossus
39%
Rhino
38%
Kingpin
37%
Vulture
37%
Agent Coulson
36%
Elektra
36%
Juggernaut
36%
Rescue
36%
A-Bomb
34%
Aunt May
34%
Ms. Marvel
34%
Spider Woman
34%
Gambit
33%
Mysterio
33%
M.O.D.O.K.
32%
Sabretooth
32%
The Mandarin
32%
Punisher
31%
Blade
30%
Captain Britain
30%
Power Man
29%
Pyro
29%
Heimdall
28%
Nova
28%
Black Bolt
27%
Emma Frost
27%
Howard the Duck
27%
Mary Jane Watson
27%
Moon Knight
27%
Black Cat
26%
Blob
26%
Bullseye
26%
Toad
26%
Dormammu
25%
Shocker
25%
Whiplash
25%
J. Jonah Jameson
24%
Lady Sif
24%
Absorbing Man
23%
Arnim Zola
23%
Kraven the Hunter
23%
Ronan the Accuser
23%
Archangel
22%
Gwen Stacy
22%
Malekith the Accursed
22%
Squirrel Girl
22%
Aldrich Killian
21%
A.I.M. Agent
20%
Psylocke
20%
Beetle
19%
Havok
19%
Iron Man Hulkbuster
19%
Jane Foster
19%
Kurse
19%
Leader
19%
Sentinel
18%
Doombot
17%
Doombot (V-Series)
17%
Shield Agent
17%
The Destroyer
17%
Fandral
16%
HYDRA Agent
16%
Laufey
16%
Taskmaster
16%
Volstagg
16%
Hogun
15%
Super-Skrull
15%
Wizard
15%
Beta Ray Bill
14%
Frost Giant
14%
Mastermind
14%
Nightmare
14%
Silver Samurai
14%
Dark Phoenix
13%
H.E.R.B.I.E.
13%
Polaris
13%
Damage Control
12%
Viper
11%
Liberty
10%
Sandman Goon
10%
Union Jack
10%
Magneto Acolyte
9%
Superior Spider-Man
8%
Symbiote Scientist
8%
Kingpin Henchman
7%
Extremis Soldier
5%
Howard Stark
5%
Roxxon Guard
5%
Scarlet Spider
4%
Norman Osborn
3%
No matching quizzes found
Score Distribution
Percent of People with Each Score
Percentile by Number Answered
Your Score History
You have not taken this quiz since the last reset